Interventional stroke therapy

Invaluable for all members of the stroke team, this expertly written book compiles the full range of diagnostic and interventional therapeutic techniques for acute stroke now in use in modern clinical settings throughout the world. From advanced neuroimaging studies to state-of-the art endovascular...

Full description

Saved in:
Bibliographic Details
Other Authors: Jansen, Olav, Bruickmann, Hartmut
Format: Book
Language:English
Published: New York Thieme c2013.
Subjects:
Tags: Add Tag
No Tags, Be the first to tag this record!
Call Number :med WL 356 .I684 2013

MARC

LEADER 00000nam a2200000 a 4500
001 49904
003 MY-KLNDU
005 20241219005840.0
008 131011e2013 xxua bi 001 0 eng d
010 |a 2012-042324 
020 |a 9783131699213 
039 9 |a 201405231100  |b zul  |c 201401131435  |d johari  |y 201310111049  |z aiza 
040 |a UPNM 
060 1 0 |a WL 356  |b .I684 2013 
090 |a med WL 356  |b .I684 2013 
130 0 |a Interventionelle Therapie des Schlaganfalls.  |l English. 
245 0 0 |a Interventional stroke therapy  |c edited by Olav Jansen, Hartmut Bruickmann. 
260 |a New York  |b Thieme  |c c2013. 
300 |a xiii, 204 p.  |b ill. (some col.)  |c 28 cm. 
504 |a Includes bibliographical references and index. 
520 |a Invaluable for all members of the stroke team, this expertly written book compiles the full range of diagnostic and interventional therapeutic techniques for acute stroke now in use in modern clinical settings throughout the world. From advanced neuroimaging studies to state-of-the art endovascular therapies, it covers the materials, instruments, devices, procedures, and strategies that lead to optimal results, and most benefit the patient, during this time-critical event. 
592 |a 00004503/13  |b 06/11/2013  |c RM 568.36  |h Areesh 
650 2 |a Stroke  |x therapy. 
700 1 |a Jansen, Olav. 
700 1 |a Bruickmann, Hartmut. 
999 |a vtls000050647  |c 49904  |d 49904